000 00237nam a2200097Ia 4500
001 1196026
005 20250827021758.0
008 250824s9999 xx 000 0 und d
245 0 _aAYNA KORKUSU
_cTARIKI ALİ
260 _bEVEREST YAYINLARI
999 _c1196026
_d1196026